000 01257nam a22002657a 4500
003 OSt
005 20230914161751.0
008 221006b |||||||| |||| 00| 0 eng d
040 _cBiblioteca Lado V
082 _a750
_bI15t
100 _91066
_aIcaza, Francisco
_eautor
245 _aTepoztlan/
260 _bInstituto Nacional de Bellas Artes
_aMéxico
_c1982
300 _c22x23cm
_a48p.
366 _espa
505 _tPresentación
505 _aAterrorizar mujeres y niños Estudio sobre revuelto La resistencia se hace en la sopa Secuestro a Miguel Hidalgo
_tUrgencia y Coyuntura #6
505 _aDecálago del ente transparente La ventana Algunas notas y Experiencias sobre la colonización Neo-Liberal del cuerpo femenino Pulsar Manifiesto 666Histerismocrítico
_tChicatanas #7
505 _aDónde están las coronas? La panza del Tepozteco ¿Qué implica ser salvaje? Huelga contra el tiempo
_tTiempos Ferales #8
650 _2Tesauro de Arte & Arquitectura
_aARTE
_9703
650 _2Tesauro de Arte & Arquitectura
_aCATALOGO
_9702
650 _2Tesauro de Arte & Arquitectura
_aCOLECCIÓN
_9702
650 _2Tesauro de Arte & Arquitectura
_aGRABADO
942 _2ddc
_c1
_h750
_iI15t
_n0
999 _c4336
_d4336